000 02359cam a22003138i 4500
001 10423078
003 OSt
005 20210414114504.0
008 150930b xxu||||| |||| 00| 0 eng d
020 _a9780071327640
040 _cdl
050 0 0 _aQH308.2.R38
100 1 _aMason, Kenneth A.
245 1 0 _aBiology. /
_cKenneth A. Mason.
250 _a 9th ed.
260 _aNew York:
_bMcGraw Hill,
_c2011.
300 _axxvi, 1279 pg :
_b ill (col) ;
_c29 cm
500 _aIncludes index.
505 2 _aContents: The science of biology --The nature of molecules and the properties of water -- The chemical building blocks of life -- Cell structure -- Membranes -- Energy and metabolism -- How cells harvest energy -- Photosynthesis -- Cell communication -- How cells divide -- Sexual reproduction and meiosis -- Patterns of inheritance -- Chromosomes, mapping, and the meiosis-inheritance connection -- DNA : the genetic material -- Genes and how they work -- Control of gene expression -- Biotechnology -- Genomics -- Cellular mechanisms and development -- Genes within populations -- The evidence for evolution -- The origin of species -- Systematics and the phylogenies revolution -- Genome evolution -- Evolution of development -- The tree of life -- Viruses -- Prokaryotes -- Protists -- Green plants -- Fungi -- Overview of Animal diversity -- Noncoelomate invertebrates -- Coelomate invertebrates -- Vertebrates -- Plant form -- Vegetative plant development -- Transport in plants -- Plants nutrition and soil -- Plant deference responses -- Sensory systems in plants -- Plant reproduction -- The animal body and principles of regulation -- The nervous system -- Sensory systems -- The endocrine system -- The musculoskeletal system -- The digestive system -- The respiratory system -- The circulatory system -- Osmotic regulation and the urinary system -- The immune system --The reproductive system ; Animal development -- Behavioral biology ; Ecology of individuals and populations -- Community ecology ; Dynamics of ecosystems -- The biosphere -- Conservation biology.
650 0 _aBiology.
650 7 _aBiologie.
_2gnd
700 1 _aLosos,Jonathan B.
700 1 _aSinger,Susan R.
700 1 _a.
942 _2lcc
_cBK
948 1 _a20130814
_bc
_crad1
_dMPS
948 2 _a20130814
_ba
_crad1
_dMPS
999 _c5751
_d13251